Join the insanity : crazy-fun life in the pastors' wives club / (Record no. 70698)
[ view plain ]
| 000 -LEADER | |
|---|---|
| fixed length control field | 01466nam a22002177a 4500 |
| 003 - CONTROL NUMBER IDENTIFIER | |
| control field | PILC |
| 005 - DATE AND TIME OF LATEST TRANSACTION | |
| control field | 20250123133623.0 |
| 008 - FIXED-LENGTH DATA ELEMENTS--GENERAL INFORMATION | |
| fixed length control field | 170510b2014 xxu||||| |||| 00| 0 eng d |
| 010 ## - LIBRARY OF CONGRESS CONTROL NUMBER | |
| LC control number | Acc#45486 |
| 020 ## - INTERNATIONAL STANDARD BOOK NUMBER | |
| International Standard Book Number | 9781596693975 |
| 040 ## - CATALOGING SOURCE | |
| Transcribing agency | Philippine Baptist Theological Seminary |
| 050 ## - LIBRARY OF CONGRESS CALL NUMBER | |
| Classification number | BV 4395 |
| Item number | R342 2014 |
| 100 ## - MAIN ENTRY--PERSONAL NAME | |
| Personal name | Rhea, Rhonda |
| 245 ## - TITLE STATEMENT | |
| Title | Join the insanity : crazy-fun life in the pastors' wives club / |
| Statement of responsibility, etc. | Rhonda Rhea |
| 264 ## - PRODUCTION, PUBLICATION, DISTRIBUTION, MANUFACTURE, AND COPYRIGHT NOTICE | |
| Place of production, publication, distribution, manufacture | Birmingham, AL : |
| Name of producer, publisher, distributor, manufacturer | New Hope, |
| Date of production, publication, distribution, manufacture, or copyright notice | ©2014 |
| 300 ## - PHYSICAL DESCRIPTION | |
| Extent | 189 p. ; |
| Dimensions | 21 cm |
| 505 ## - FORMATTED CONTENTS NOTE | |
| Formatted contents note | An intro: me, my role, and I -- Swimming in the fishbowl - without sleeping with the fishes -- Positively positive -- When there's a P-Dub Rub -- Wounded warrior -- Fixing a P-Dub flub -- Constructing myself a pedestal -- Don't go down with the friend ship: keeping friendships afloat -- Leftovers, again? -- The perfect P-Dub grub -- Lovin' the hub in the P-Dub club -- When Papa Ain't happy -- His and hers matching burnout -- Don't you be messin' with my man -- Family time: now where did I put that? -- But really I'm just in this for the money -- When Christians are unchristian -- Great expectations -- My own worst critic -- Who's calling, please? -- A server with fervor -- Take-cover! -- It's been rumored -- To work the impossible work: Super P-Dubbery -- P-Dubs and the cubs -- I'll come by and pick you up -- |
| 650 ## - SUBJECT ADDED ENTRY--TOPICAL TERM | |
| Topical term or geographic name as entry element | Clergy |
| General subdivision | Spouses |
| -- | Religious life |
| 650 ## - SUBJECT ADDED ENTRY--TOPICAL TERM | |
| Topical term or geographic name as entry element | Christian women |
| General subdivision | Religious life |
| 942 ## - ADDED ENTRY ELEMENTS (KOHA) | |
| Source of classification or shelving scheme | Dewey Decimal Classification |
| Koha item type | Circulation Books |
| Withdrawn status | Lost status | Source of classification or shelving scheme | Damaged status | Not for loan | Home library | Current library | Shelving location | Date acquired | Source of acquisition | Total Checkouts | Full call number | Barcode | Date last seen | Date last checked out | Price effective from | Koha item type |
|---|---|---|---|---|---|---|---|---|---|---|---|---|---|---|---|---|
| Dewey Decimal Classification | PBTS Library | PBTS Library | Circulation Section | 05/10/2017 | Gift | 1 | BV 4395 R342 2014 1 | 45486 | 03/16/2026 | 06/21/2018 | 05/10/2017 | Circulation Books | ||||
| Dewey Decimal Classification | PBTS Library | PBTS Library | Circulation Section | 05/10/2017 | Gift | BV 4395 R342 2014 2 | 45487 | 03/16/2026 | 05/10/2017 | Circulation Books | ||||||
| Dewey Decimal Classification | PBTS Library | PBTS Library | Circulation Section | 05/10/2017 | Gift | BV 4395 R342 2014 3 | 45488 | 03/16/2026 | 05/10/2017 | Circulation Books | ||||||
| Dewey Decimal Classification | PBTS Library | PBTS Library | Circulation Section | 05/10/2017 | Gift | BV 4395 R342 2014 4 | 45489 | 03/16/2026 | 05/10/2017 | Circulation Books |